| 000 | 00932nam a2200301 i 4500 | ||
|---|---|---|---|
| 003 | EG-GICUC | ||
| 005 | 20260418094001.0 | ||
| 008 | 260418s1929 fr fr|||| 00| 0 fre d | ||
| 040 |
_aEG-GiCUC _bfre _cEG-GiCUC _dEG-GiCUC _eRda |
||
| 041 | _afre | ||
| 082 | 0 | 4 |
_221 _a343 _bDO . J |
| 092 | 0 | 4 | _221 |
| 099 | _aLaw1 10 343 DO . J 1929 | ||
| 100 | 1 |
_aDonnedieu de Vabres, Henri, _eAuteur |
|
| 245 | 1 | 3 |
_a La Justice Pénale D'aujourd'hui / _c par H. Donnedieu de Vabres. |
| 264 | 1 |
_a Paris : _b Librairie Armand Colin, _c1929. |
|
| 300 |
_a220page ; _c 24 cm. |
||
| 336 |
_2rda contenu _a texte |
||
| 337 |
_2rda medias _aOrdinateur |
||
| 338 |
_2 transporteur rda _a Ressource en ligne |
||
| 546 | _aTexte en français | ||
| 650 | 1 |
_aDroit pénal _2qrmak |
|
| 650 | 1 | _aJustice pénale | |
| 651 | 1 | _2qrmak | |
| 856 | 4 | 0 | _uhttps://fll.law.cu.edu.eg/fulltext/bks/B10-00418.pdf |
| 905 | _a167 | ||
| 942 |
_2ddc _cBK _e21 _n0 |
||
| 999 |
_c71602 _d71602 |
||